000 00507nam a2200205Ia 4500
003 OSt
005 20250425112400.0
008 210423s2008 xx 000 0 und d
020 _a9781412926379
040 _cAL
041 _aeng
082 _a801.95
_223
_bBELT
100 _aElizabeth Bell
_9208798
245 _aTheories of performance
260 _aLos Angeles
_bSage Publications
_c2008
300 _axv,302
_bPB
365 _b2319
_cINR
906 _aperformance. ; Theories
942 _2ddc
_cBK
999 _c158947
_d158947